|
|
|
|
| LEADER |
00000nab a2200000 a 4500 |
| 001 |
vtls010493766 |
| 003 |
SK-MaSNL |
| 005 |
20260303170727.0 |
| 008 |
130227|2013 xo m| 000 02hun |
| 015 |
|
|
|a SNBRB2013/02
|
| 038 |
|
|
|a DSZK
|
| 040 |
|
|
|a DSZK
|b slo
|c DSZK
|e AACR2
|
| 041 |
0 |
|
|a slo
|a hun
|
| 044 |
|
|
|a xo
|c SK
|
| 080 |
|
|
|a 373.3:7
|x (437.612)
|2 2001
|
| 110 |
2 |
|
|a Základná umelecká škola Štefana Németha-Šamorínskeho (Šamorín, Slovensko)
|4 aut
|9 1194283
|
| 245 |
0 |
0 |
|a Bohatý a úspešný polrok
|c základná umelecká škola
|
| 546 |
|
|
|a Súbežný názov a text maďarsky
|
| 610 |
2 |
7 |
|a Základná umelecká škola Štefana Németha-Šamorínskeho (Šamorín, Slovensko)
|2 dszk
|9 1194283
|
| 648 |
|
7 |
|a školský rok 2012/2013
|y prvý polrok
|2 dszk
|9 1194284
|
| 650 |
0 |
7 |
|a základné umelecké školy
|2 dszk
|9 29368
|
| 651 |
|
7 |
|a Šamorín (Slovensko)
|2 SNKPHgeo
|9 28925
|
| 773 |
0 |
|
|t Šamorín a okolie=Somorja és vidéke
|g Roč. 23, č.2 (2013), s. 6
|x 1338-9068
|
| 852 |
|
|
|a DSZK
|b KIS3GCP
|
| 958 |
|
|
|a SK
|
| 958 |
|
|
|a HU
|
| 999 |
|
|
|c 2078489
|d 2080419
|